Caracterización de la resistencia a herbicidas inhibidores de la enzima AHAS en biotipos maleza de Raphanus sativus y Brassica rapa /

Guardado en:
Autor Principal: Avale, Pablo Daniel.
Autor Corporativo: Universidad Nacional del Sur. Departamento de Agronomía.
Otros Autores: Presotto, Alejandro, (tutor.)
Formato: Libro
Idioma:Spanish
Publicado: Bahía Blanca, 2016.
Etiquetas: Agregar Etiqueta
Sin Etiquetas, Sea el primero en etiquetar este registro!
LEADER 00784nam a22001695a 4500
001 EEA.libagro010787
005 20181010080552.0
008 170210s2016####ag############000#0#spa#d
082 0 4 |a 632.954 
100 1 |a Avale, Pablo Daniel. 
245 1 0 |a Caracterización de la resistencia a herbicidas inhibidores de la enzima AHAS en biotipos maleza de Raphanus sativus y Brassica rapa /  |c Pablo Daniel Avale. 
260 |a Bahía Blanca,  |c 2016. 
300 |a 37 h. :  |b il. col., fot. col. ;  |c 30 cm. 
500 |a Trabajo de intensificación (Ingeniero Agrónomo) -- Universidad Nacional del Sur. Departamento de Agronomía, 2016. 
700 1 |a Presotto, Alejandro,  |e tutor. 
710 2 |a Universidad Nacional del Sur.  |b Departamento de Agronomía. 
859 |a AR-BbBCA  |b BIB. AGRONOMIA  |h 632.954  |i A945  |p 2017/6754